| 000 | 00468nam a2200181Ia 4500 | ||
|---|---|---|---|
| 005 | 20250508164227.0 | ||
| 008 | 008 250505s9999 xx 000 0 hin d | ||
| 037 | _aReference | ||
| 040 |
_aFEDL _beng _cFEDL |
||
| 041 |
_ahin _2eng |
||
| 084 |
_a640, SCE _qFEDL |
||
| 245 | 0 | _aGrah vigyan bhag : 1 madhaymik kakshaon ke liye kaksha VI | |
| 245 | 0 | _cSCERT | |
| 260 | _c2006 | ||
| 300 | _a69p. | ||
| 942 |
_cREF _h640, SCE |
||
| 999 |
_c1387696 _d1387696 |
||